000 01033cam a2200301 a 4500
001 114956
005 20230410120925.0
008 120809s2013 nyu b 001 0 eng
035 _a17423948
010 _a 2012031998
020 _a9780812993561 (acid-free paper)
020 _a9780679646006 (ebk.)
040 _aDLC
_cDLC
_dDLC
042 _apcc
050 1 4 _aJC 421
_bG734d 2013
082 0 0 _a321.8
100 1 _aGraeber, David.
245 1 4 _aThe Democracy Project :
_ba history, a crisis, a movement /
_cDavid Graeber.
260 _aNew York :
_bSpiegel & Grau,
_cc2013.
300 _axxiii, 326 p. ;
_c22 cm
504 _aIncludes bibliographical references and index.
505 0 _aThe beginning is near -- Why did it work? -- "The mob begin to think and to reason" : the covert history of democracy -- How change happens -- Breaking the spell.
650 0 _aDemocracy
_xHistory.
650 4 _aDemocracia.
650 4 _aDemocracia
_xHistoria.
650 4 _aPrimera Jornada de Catalogacion.
942 _2lcc
_cbk
999 _c54530
_d54530